|
|
|
|
| LEADER |
00000nam0a2200000 4500 |
| 001 |
117890 |
| 005 |
20231031123943.0 |
| 010 |
|
|
|a 7810689983
|
| 035 |
|
|
|a (RuTPU)RU\TPU\book\127600
|
| 090 |
|
|
|a 117890
|
| 100 |
|
|
|a 20070606d2005 m y0chiy50 ea
|
| 101 |
0 |
|
|a chi
|
| 102 |
|
|
|a CN
|
| 105 |
|
|
|a y z 000zy
|
| 200 |
1 |
|
|a Одежда и украшения китайских народностей. Исследование культурного наследия
|f под ред. Ян Юань, Хэ Синлян
|
| 210 |
|
|
|a Куньмин
|c Изд-во ун-та провинции Юньнань
|d 2005
|
| 215 |
|
|
|a 433 с.
|
| 300 |
|
|
|a Книга на китайском языке.
|
| 610 |
1 |
|
|a Китай
|
| 610 |
1 |
|
|a этнология
|
| 610 |
1 |
|
|a национальная одежда
|
| 610 |
1 |
|
|a украшения
|
| 610 |
1 |
|
|a культура
|
| 610 |
1 |
|
|a китайские народности
|
| 686 |
|
|
|a Т52
|v LBC/SL-A
|2 rubbk
|
| 702 |
|
0 |
|a Ян Юань
|4 340
|
| 702 |
|
0 |
|a Хэ Синлян
|4 340
|
| 801 |
|
1 |
|a RU
|b 63413507
|c 20070606
|g PSBO
|
| 801 |
|
2 |
|a RU
|b 63413507
|c 20220530
|g PSBO
|
| 942 |
|
|
|c BK
|